01773cam a2200421 a 4500952015500000999001700155001000900172003000400181005001700185008004100202010001700243020001800260020001500278025002700293037006300320040001900383042001000402043001200412050002200424082002200446100002300468245006500491260006100556300002500617490005500642500007100697504005500768651005100823651004400874651004400918651004800962651004901010700002501059856008101084856009101165906004501256942005001301 00102ddc40708SOCIAL SCIENCEaMESbMEScSOCIAL SCIENCEd2019-02-20g595.00l0o303.660954 ROY/Wp35810r2019-02-20 00:00:00w2019-02-20yBKzGL50R4 c21556d2155614647622OSt20200616101955.0061128s2006 ii b 000 0 eng  a 2006454121 a9780195681499 a0195681495 aI-E-2006-454121; 61-92 bLibrary of Congress -- New Delhi Overseas OfficecRs595.00 aDLCcoclcdDLC alcode aa-ii---00aDS463b.W337 2006 a303.660954bROY/W 92689aRoy, Kaushik00aWar and society in colonial India, 1807-1945 /cKaushik Roy. aNew Delhi ;aNew York :bOxford University Press,c2006. avi, 375 p. ;c23 cm.0 aOxford in India readings. Themes in Indian history aSequel to: The British Raj and its Indian armed forces, 1857-1939. aIncludes bibliographical references (p [358]-373). 0aIndiaxHistoryyBritish occupation, 1765-1947. 0aIndiaxHistory, Militaryy19th century. 0aIndiaxHistory, Militaryy20th century. 0aIndiaxHistoryySepoy Rebellion, 1857-1858. 0aGreat BritainxArmed forceszIndiaxHistory.1 aRoy, Kaushik,d1971-413Table of contents onlyuhttp://www.loc.gov/catdir/toc/fy0705/2006454121.html423Publisher descriptionuhttp://www.loc.gov/catdir/enhancements/fy0723/2006454121-d.html a7bcbccorigoded3encipf20gy-gencatlg 2ddccBKh303.660954iROY/Wk303.660954mROY/W